000 00802nam a2200253Ia 4500
003 OSt
005 20220925232339.0
006 a|||||r|||| 00| 0
007 ta
008 220923b |||||||| |||| 00| 0 eng d
020 _a9789380607078
_c950.00
037 _b24, 13/12/2020, Shivam Book Service
_cGeneral Book
040 _aRTL
_cRTL
_beng
041 _2eng
_aeng
082 _aV44Q7:51y7M17, Q1
100 _aHASAN Mushirul
_926970
245 0 _aVoyage to modernism
_b Syed Ahmed Khan
260 _aMukherjee
_bNagar Primus
_c2011
300 _ax,252p.
_ccm.
650 _aSociology
700 _a ZAIDI Nishat
_9297276
942 _hV44Q7:51y7M17, Q1
_cGB
_2CC
999 _c591198
_d591198